Nové trendy podnikania pri využití cestnej nákladnej dopravy bakalárska práca

Gespeichert in:
Bibliographische Detailangaben
1. Verfasser: Provazník, Andrej
Körperschaft: Obchodná fakulta EU. Katedra medzinárodného obchodu
Weitere Verfasser: Minárik, Marek
Format: Buch
Sprache:Slowakisch
Veröffentlicht: Bratislava 2020
Tags: Tag hinzufügen
Keine Tags, Fügen Sie das erste Tag hinzu!

MARC

LEADER 00000nbm a2200000 4500
001 0278206
005 20220504135916.9
041 0 |a slo 
044 |a SK 
245 1 0 |a Nové trendy podnikania pri využití cestnej nákladnej dopravy  |b bakalárska práca  |c Andrej Provazník ; školiteľ: Marek Minárik 
264 1 |a Bratislava  |c 2020 
300 |a 59 s. 
100 1 |a Provazník, Andrej 
700 1 |a Minárik, Marek 
710 2 |a Obchodná fakulta EU. Katedra medzinárodného obchodu